Quiz Grammaire #1 - Les Verbes - Statistiques

Statistiques générales
  • Ce quiz a été pris 460 fois
  • Le résultat moyen est 21 sur 30
Statistiques - réponses
Verbe Réponse % Correct
Être Nous {sommes}
100%
Danser Je {danse}
99%
Aller Tu {vas}
99%
Faire Elles {font}
98%
Finir Vous {finissez}
97%
Arrêter Il {arrêtait}
93%
Avoir J'{avais}
93%
Avancer Ils {avançaient}
89%
Dormir Tu {dormais}
89%
Croire Nous {avons cru}
82%
Être J'{ai été}
79%
Descendre Ils {sont descendus}
77%
Prendre Ils {prendront}
75%
Avoir J'{aurai}
74%
Aller Nous {irons}
74%
Rentrer Elle {est rentrée}
72%
Falloir Il {faudra}
72%
Se laver Tu {t'es lavé}
72%
Pouvoir Vous {pourrez}
71%
Étudier Nous {étudiions}
60%
Choisir En {choisissant}
54%
Essayer En {essayant}
54%
Avoir En {ayant}
53%
Être En {étant}
53%
Voyager En {voyageant}
53%
Voir Tu {verrais}
50%
Venir Je {viendrais}
44%
Faire On {ferait}
40%
Craindre Vous {craindriez}
40%
Appeler Nous {appellerions}
36%
Aucun quiz correspondant
Distribution des résultats
% des personnes avec chaque résultat
Percentile par nombre de réponses
Votre historique - résultats
Vous n’avez pas pris ce quiz